00355nam a2200121Ia 4500082001400000100002100014245005700035260002400092300001100116650003100127650002400158710005100182 aRI.0032:7 aAcharya, Sarathi 0aTransfer of technology and women employment in India c0bICSSR, New Delhi a17+7p. aWOMEN - EMPLOYMENT - INDIA aTECHNOLOGY TRANSFER aICSSR, New Delhi, Programme of Women's Studies